Responses for show #4964 - Thursday, March 23, 2006

Contestants

[<< previous game]

Ed Angleton, a biochemist from Indianapolis, Indiana

Jessica Liese, a contract coordinator originally from Havre, Montana

Mary LoSardo, a retired executive, now web site designer from Bayonne, New Jersey (whose 1-day cash winnings total $20,800)

[next game >>]

Jeopardy! Round responses

AMERICAN QUOTES
LET'S PLAY SOME BASKETBALL
SLOGANS ON THE SPOT
SOUND CHECK
GO WITH THE FLOW
TAKE IT "EASY"
    $200 1
the Declaration of Independence

Ed
    $200 23
fouls

Ed
    $200 10
Coca-Cola

Jessica
    $200 15
a chainsaw

Jessica
    $200 20
the Bay of Bengal

Jessica
    $200 5
over easy

Jessica
    $400 2
(Ed: Who is Emerson?)

Walt Whitman

JessicaEd
    $400 24
Sydney

Ed
    $400 11
Burger King

Ed
    $400 16
the cowbell

Jessica
    $400 21
(Mary: What is the Indian Ocean?)
...
(Alex: The Tagus is in Portugal, so it flows into [*].)

the Atlantic

Mary
Triple Stumper
    $400 6
Easy Street

Ed
    $600 3
(Alex: Oh, my favorite author, [*].)

Mark Twain

Triple Stumper
    $600 25
three-pointers

Jessica
    $600 12
the Hummer

Triple Stumper
    $600 17
a leopard

Jessica
    $600 28
the English Channel

Triple Stumper
    $600 7
easy listening

Ed
    $800 4
(Ed: What is... ummm...)
(Alex: Sorry, too long.)

Civil Disobedience

JessicaEd
    $800 26
the University of Wisconsin

Ed
    $800 13
Staples

Ed
    $800 18
a Geiger counter

Ed
    $800 29
the Amazon

Ed
    $800 8
Easy-Off

Jessica
    $1000 22
Emerson

Mary
    $1000 27
(Alex: Oh boy. Who is [*]? [*], a well-known name in college basketball.)

Dean Smith

Triple Stumper
    $1000 14
Mentos

Ed
    $1000 19
"Ode To Joy"

Ed
    $1,000 30
the Persian Gulf

Ed
    $1000 9
(Alex: Are they?)

Earth Girls Are Easy

Ed

Scores at the first commercial break (after clue 15):

Mary Jessica Ed
$0 $2,600 $3,200

Scores at the end of the Jeopardy! Round:

Mary Jessica Ed
$600 $4,400 $8,200

Double Jeopardy! Round responses

FINLAND
HELLO, JASON!
LAW
CATHOLIC TERMS
THERE'S NO PLACE LIKE ANCIENT ROME
NOT QUITE BEFORE & AFTER
    $400 7
a lake

Ed
    $400 2
Jason Alexander

Jessica
    $400 8
the First Amendment

Ed
    $400 1
nuns

Jessica
    $400 4
Herod

Jessica
    $400 22
Salvador Dali (Dolly) Parton

Ed
    $800 12
the marathon

Triple Stumper
    $800 3
Jason Bateman

Ed
    $800 9
the public domain

Mary
    $800 10
a rosary

Mary
    $800 15
(Alex: His brother was Attila.)

the Huns

Ed
    $800 23
Blame It On The Rain (Reign) of Terror

Triple Stumper
    $2,000 26
(Ed: Who is Mannheim?)
(Alex: No, it's the composer you most closely associate with Finland, [*].)

(Jean) Sibelius

Ed
    $1200 5
Jason Patric

Jessica
    $1200 19
mail fraud

Ed
    $1200 11
purgatory

Jessica
    $2,000 16
(Ed: Who are the plebeians?)

the proletariat

Ed
    $1200 24
(Mary: What is the Camino Surreal Life?)
(Ed: What is the Camino Real Life?)

Camino Real World

MaryEd
Triple Stumper
    $1600 27
a sauna

Mary
    $1600 6
Jason Biggs

Triple Stumper
    $1600 20
obstruction of justice

Triple Stumper
    $1600 13
the sacraments

Triple Stumper
    $1600 17
Saturnalia

Ed
    $1600 25
The Bridge of San Luis Rey (Ray) Romano

Triple Stumper
    $2000 14
Jason Robards

Triple Stumper
    $2000 21
(Mary: What are class actions?)

pleadings

Mary
Triple Stumper
    $2000 28
(Mary: What is ex calibur?)
...
(Alex: Yes, Excalibur, of course, is Arthur's sword.)

ex cathedra

MaryEd
    $2000 18
the Palatine

Ed

Scores at the end of the Double Jeopardy! Round:

Mary Jessica Ed
-$1,400 $8,000 $12,600

[wagering suggestions for these scores]

Final Jeopardy! Round responses

BRITISH MONARCHS
(Alex: All right, players, are we guessing, or do we know? This king was deposed in 1688.)
JessicaWhat is Richard?
$7,999
EdWhat is Henry?
$3,401
James (II)

Final scores:

Mary Jessica Ed
-$1,400 $1 $9,199
3rd place: $1,000 2nd place: $2,000 New champion: $9,199

Game dynamics:

Coryat scores:

Mary Jessica Ed
-$1,400 $8,000 $16,600
4 R,
4 W
15 R,
0 W
23 R
(including 1 DD),
5 W
(including 2 DDs)

Combined Coryat: $23,200

The J! Archive is created by fans, for fans. The Jeopardy! game show and all elements thereof, including but not limited to copyright and trademark thereto, are the property of Jeopardy Productions, Inc. and are protected under law. This website is not affiliated with, sponsored by, or operated by Jeopardy Productions, Inc. Join the discussion at JBoard.tv.